Actividades creativas para la lecto-escritura

Sparad:
Bibliografiska uppgifter
Huvudupphovsman: Milla Lozano, Francisco (autor)
Materialtyp: Bok
Språk:spanska
Publicerad: Ciudad de México Alfaomega 2001
Ämnen:
Taggar: Lägg till en tagg
Inga taggar, Lägg till första taggen!

MARC

LEADER 00000nam a2200000 a 4500
001 UCL8565
003 CL-VaPUC
008 040625e20010000MX |||||||||||||||||spa|d
020 |a 9701502825 
082 0 4 |a 372.416  |b MIL  |2 21 
100 |a Milla Lozano, Francisco  |e autor  |9 486477 
245 1 0 |a Actividades creativas para la lecto-escritura 
300 |a 268 p 
942 |c BK 
945 |d 20040625 00:00:00  |a cmena 
260 |a Ciudad de México  |b Alfaomega  |c 2001 
650 0 |a Educación lingüística  |9 306506 
650 0 |a Métodos de enseñanza  |9 270413 
650 7 |a LECTO-ESCRITURA  |2 CL-VaPUC  |9 309958 
650 0 |a Análisis del discurso  |9 256696 
650 0 |a Investigación lingüística  |9 329785 
583 |a last modification  |c 20040625 00:00:00  |k Rodrigo Vera 
999 |c 309799  |d 309797 
952 |0 0  |1 0  |4 0  |6 372_416000000000000_MIL_2001  |7 0  |8 A  |9 377552  |a BIBEDU  |b BIBEDU  |d 2019-11-21  |i 4031288  |o 372.416 MIL 2001  |p 4031288  |r 2019-11-21  |w 2019-11-21  |y BK  |k EBA